हमशक्ल कौन? / (Record no. 116621)

MARC details
000 -LEADER
fixed length control field 01002nam a22002537a 4500
005 - DATE AND TIME OF LATEST TRANSACTION
control field 20170124103042.0
010 ## - LIBRARY OF CONGRESS CONTROL NUMBER
LC control number A-910553
020 ## - INTERNATIONAL STANDARD BOOK NUMBER
Terms of availability 175.00
International Standard Book Number 8171451330
035 ## - SYSTEM CONTROL NUMBER
System control number A-910553
037 ## - SOURCE OF ACQUISITION
Source of stock number/acquisition Cen Lib/Ret
040 ## - CATALOGING SOURCE
Original cataloging agency DPL
Language of cataloging HN
082 ## - DEWEY DECIMAL CLASSIFICATION NUMBER
Classification number
Item number मित्रवि
100 ## - MAIN ENTRY--PERSONAL NAME
Personal name मित्र, विमल
9 (RLIN) 67440
245 ## - TITLE STATEMENT
Title हमशक्ल कौन? /
Statement of responsibility, etc विमल मित्र
246 ## - VARYING FORM OF TITLE
Title proper/short title Humshakal kaun? /
Remainder of title by Vimal Mitra
260 ## - PUBLICATION, DISTRIBUTION, ETC. (IMPRINT)
Place of publication, distribution, etc दिल्ली
Name of publisher, distributor, etc सन्मार्ग प्रकाशन
Date of publication, distribution, etc 1998
270 ## - ADDRESS
Address 16, यू.बी.बैंगलो रोड, जवाहर नगर
City दिल्ली
Postal code 110007
300 ## - PHYSICAL DESCRIPTION
Extent 208पृ.
Dimensions 20सेमी(सजिल्द )
650 ## - SUBJECT ADDED ENTRY--TOPICAL TERM
Topical term or geographic name as entry element हिंदी साहित्य
General subdivision
Geographic subdivision
9 (RLIN) 67441
650 ## - SUBJECT ADDED ENTRY--TOPICAL TERM
Topical term or geographic name as entry element हिंदी -- उपन्यास
9 (RLIN) 67442
650 ## - SUBJECT ADDED ENTRY--TOPICAL TERM
Topical term or geographic name as entry element Hindi literature
Form subdivision
9 (RLIN) 67443
650 ## - SUBJECT ADDED ENTRY--TOPICAL TERM
Topical term or geographic name as entry element Hindi -- Fiction
9 (RLIN) 27248
942 ## - ADDED ENTRY ELEMENTS (KOHA)
Source of classification or shelving scheme Dewey Decimal Classification
Koha item type Hindi Books
Classification part
Call number suffix मित्रवि
Holdings
Withdrawn status Lost status Damaged status Not for loan Home library Current library Date acquired Source of acquisition Cost, normal purchase price Total Checkouts Full call number Barcode Date last seen Copy number Cost, replacement price Price effective from Koha item type
        Central Library Central Library 25/08/2015 Cen Lib/Ret 175.00   उ मित्रवि A-910553 25/08/2015 1 175.00 25/08/2015 Hindi Books

© Delhi Public Library
Hit Counter
free hit counter